000 00330nam a22001337a 4500
008 170825b xxu||||| |||| 00| 0 eng d
020 _a9780240809076
041 _aeng
080 _a070
100 _a27
101 _aMED
245 _aMAKING MEDIA FOUNDATIONS SOUND AND IMAGE PRODUCTION
_cBREALIN.J.R
942 _2udc
_cBK
999 _c25022
_d25022